[Event "DEM U16 2024"]
[Site "Willingen GER"]
[Date "2024.05.25"]
[Round "9"]
[White "Lübke, Florentin"]
[Black "Möller, Maurin"]
[Result "1-0"]
[Termination "normal"]
[Board "9"]
[WhiteElo "2207"]
[BlackElo "2193"]
[WhiteClock "00:22:43"]
[BlackClock "00:11:30"]
[PlyCount "57"]
[WhiteFideId "16281799"]
[BlackFideId "16265696"]
[EventCountry "GER"]
[EventRounds "9"]
[EventType "swiss"]
[EventDate "2024.05.18"]

1. e4 {[%clk 01:30:57]} {[%emt 00:00:01]} c5 {[%clk 01:30:49]} {[%emt
00:00:11]} 2. Nf3 {[%clk 01:31:23]} {[%emt 00:00:04]} Nc6 {[%clk 01:31:11]}
{[%emt 00:00:09]} 3. Bb5 {[%clk 01:31:48]} {[%emt 00:00:05]} g6 {[%clk
01:30:01]} {[%emt 00:01:39]} 4. Bxc6 {[%clk 01:32:05]} {[%emt 00:00:13]} dxc6
{[%clk 01:30:21]} {[%emt 00:00:11]} 5. d3 {[%clk 01:32:27]} {[%emt 00:00:09]}
Bg7 {[%clk 01:30:28]} {[%emt 00:00:22]} 6. h3 {[%clk 01:32:30]} {[%emt
00:00:27]} e5 {[%clk 01:26:56]} {[%emt 00:04:02]} 7. Be3 {[%clk 01:27:14]}
{[%emt 00:05:46]} b6 {[%clk 01:22:16]} {[%emt 00:05:10]} 8. a4 {[%clk
01:27:25]} {[%emt 00:00:19]} a5 {[%clk 01:21:33]} {[%emt 00:01:12]} 9. Nbd2
{[%clk 01:20:10]} {[%emt 00:07:44]} Qc7 {[%clk 01:07:56]} {[%emt 00:14:08]} 10.
O-O {[%clk 01:18:14]} {[%emt 00:02:26]} Nf6 {[%clk 01:02:20]} {[%emt 00:06:06]}
11. Nc4 {[%clk 01:13:42]} {[%emt 00:05:01]} Nd7 {[%clk 01:02:21]} {[%emt
00:00:29]} 12. Qd2 {[%clk 01:13:58]} {[%emt 00:00:14]} O-O {[%clk 01:01:10]}
{[%emt 00:01:42]} 13. Bh6 {[%clk 01:12:22]} {[%emt 00:02:06]} Rd8 {[%clk
01:00:15]} {[%emt 00:01:25]} 14. Bxg7 {[%clk 01:10:08]} {[%emt 00:02:43]} Kxg7
{[%clk 00:58:55]} {[%emt 00:01:51]} 15. Nh2 {[%clk 01:04:59]} {[%emt 00:05:38]}
Nf8 {[%clk 00:54:30]} {[%emt 00:04:55]} 16. f4 {[%clk 00:51:41]} {[%emt
00:13:48]} exf4 {[%clk 00:52:55]} {[%emt 00:02:05]} 17. Rxf4 {[%clk 00:49:49]}
{[%emt 00:02:22]} Ne6 {[%clk 00:43:56]} {[%emt 00:09:29]} 18. Rf2 {[%clk
00:48:29]} {[%emt 00:01:49]} b5 {[%clk 00:23:25]} {[%emt 00:21:02]} 19. Ne3
{[%clk 00:38:12]} {[%emt 00:10:47]} h5 {[%clk 00:19:36]} {[%emt 00:04:19]} 20.
Raf1 {[%clk 00:37:33]} {[%emt 00:01:08]} Rf8 {[%clk 00:19:41]} {[%emt
00:00:26]} 21. Nf3 {[%clk 00:33:28]} {[%emt 00:04:35]} Qd6 {[%clk 00:16:45]}
{[%emt 00:03:26]} 22. axb5 {[%clk 00:31:51]} {[%emt 00:02:08]} cxb5 {[%clk
00:17:08]} {[%emt 00:00:07]} 23. Nd5 {[%clk 00:30:19]} {[%emt 00:02:01]} Nd4
{[%clk 00:16:27]} {[%emt 00:01:11]} 24. Nxd4 {[%clk 00:23:46]} {[%emt
00:07:03]} cxd4 {[%clk 00:16:51]} {[%emt 00:00:07]} 25. Qg5 {[%clk 00:23:20]}
{[%emt 00:00:55]} Ra7 {[%clk 00:16:24]} {[%emt 00:00:57]} 26. Rf6 {[%clk
00:22:57]} {[%emt 00:00:53]} Qb8 {[%clk 00:16:07]} {[%emt 00:00:48]} 27. Nf4
{[%clk 00:22:27]} {[%emt 00:00:59]} Rh8 {[%clk 00:11:06]} {[%emt 00:05:31]} 28.
Nxg6 {[%clk 00:22:20]} {[%emt 00:00:37]} fxg6 {[%clk 00:11:30]} {[%emt
00:00:06]} 29. Qxg6# {[%clk 00:22:43]} {[%emt 00:00:07]} 1-0

[Event "DEM U16 2024"]
[Site "Willingen GER"]
[Date "2024.05.25"]
[Round "9"]
[White "Göpfert, Gregor"]
[Black "Helms, Finn"]
[Result "0-1"]
[Termination "normal"]
[Board "10"]
[WhiteElo "1732"]
[BlackElo "2044"]
[WhiteClock "00:17:20"]
[BlackClock "00:03:26"]
[PlyCount "80"]
[WhiteFideId "34603964"]
[BlackFideId "16249143"]
[EventCountry "GER"]
[EventRounds "9"]
[EventType "swiss"]
[EventDate "2024.05.18"]

1. e4 {[%clk 01:30:45]} {[%emt 00:00:14]} c6 {[%clk 01:30:56]} {[%emt
00:00:04]} 2. Nf3 {[%clk 01:31:09]} {[%emt 00:00:06]} d5 {[%clk 01:31:22]}
{[%emt 00:00:04]} 3. d3 {[%clk 01:31:33]} {[%emt 00:00:06]} g6 {[%clk
01:31:48]} {[%emt 00:00:04]} 4. e5 {[%clk 01:27:44]} {[%emt 00:04:19]} c5
{[%clk 01:31:32]} {[%emt 00:00:46]} 5. g3 {[%clk 01:25:57]} {[%emt 00:02:17]}
Nc6 {[%clk 01:28:16]} {[%emt 00:03:46]} 6. Bf4 {[%clk 01:14:53]} {[%emt
00:11:35]} Bg4 {[%clk 01:23:12]} {[%emt 00:05:34]} 7. Nbd2 {[%clk 01:13:35]}
{[%emt 00:01:47]} Qb6 {[%clk 01:08:22]} {[%emt 00:15:20]} 8. Rb1 {[%clk
01:12:48]} {[%emt 00:01:17]} Bh6 {[%clk 00:59:33]} {[%emt 00:09:19]} 9. Bxh6
{[%clk 01:08:15]} {[%emt 00:05:03]} Nxh6 {[%clk 00:57:56]} {[%emt 00:02:07]}
10. h3 {[%clk 01:06:49]} {[%emt 00:01:57]} Bxf3 {[%clk 00:57:35]} {[%emt
00:00:51]} 11. Qxf3 {[%clk 01:06:39]} {[%emt 00:00:40]} e6 {[%clk 00:55:48]}
{[%emt 00:02:18]} 12. Qf6 {[%clk 01:00:00]} {[%emt 00:07:09]} O-O {[%clk
00:55:38]} {[%emt 00:00:39]} 13. Bg2 {[%clk 00:56:07]} {[%emt 00:04:22]} Qc7
{[%clk 00:52:47]} {[%emt 00:03:22]} 14. f4 {[%clk 00:55:49]} {[%emt 00:00:48]}
Nf5 {[%clk 00:52:27]} {[%emt 00:00:51]} 15. g4 {[%clk 00:48:46]} {[%emt
00:07:32]} Ne3 {[%clk 00:51:54]} {[%emt 00:01:03]} 16. Kf2 {[%clk 00:48:20]}
{[%emt 00:00:56]} Nxc2 {[%clk 00:51:40]} {[%emt 00:00:44]} 17. Nf3 {[%clk
00:42:39]} {[%emt 00:06:11]} N2b4 {[%clk 00:47:38]} {[%emt 00:04:32]} 18. Rhd1
{[%clk 00:42:31]} {[%emt 00:00:38]} Qd8 {[%clk 00:44:58]} {[%emt 00:03:10]} 19.
a3 {[%clk 00:40:57]} {[%emt 00:02:04]} Qxf6 {[%clk 00:41:31]} {[%emt 00:03:56]}
20. exf6 {[%clk 00:41:21]} {[%emt 00:00:06]} Na6 {[%clk 00:41:55]} {[%emt
00:00:07]} 21. Ne5 {[%clk 00:38:53]} {[%emt 00:02:59]} Rac8 {[%clk 00:39:08]}
{[%emt 00:03:16]} 22. Rdc1 {[%clk 00:36:55]} {[%emt 00:02:27]} Rfd8 {[%clk
00:34:11]} {[%emt 00:05:27]} 23. Rc3 {[%clk 00:36:08]} {[%emt 00:01:16]} b5
{[%clk 00:26:19]} {[%emt 00:08:23]} 24. Rbc1 {[%clk 00:32:42]} {[%emt
00:03:56]} Nxe5 {[%clk 00:25:30]} {[%emt 00:01:19]} 25. fxe5 {[%clk 00:33:03]}
{[%emt 00:00:08]} c4 {[%clk 00:25:51]} {[%emt 00:00:10]} 26. dxc4 {[%clk
00:30:57]} {[%emt 00:02:37]} bxc4 {[%clk 00:24:46]} {[%emt 00:01:36]} 27. b3
{[%clk 00:30:52]} {[%emt 00:00:35]} Nc5 {[%clk 00:24:38]} {[%emt 00:00:37]} 28.
bxc4 {[%clk 00:30:04]} {[%emt 00:01:18]} dxc4 {[%clk 00:13:06]} {[%emt
00:12:02]} 29. Ke2 {[%clk 00:22:35]} {[%emt 00:07:57]} Nd3 {[%clk 00:13:05]}
{[%emt 00:00:33]} 30. Rb1 {[%clk 00:21:45]} {[%emt 00:01:20]} Rc5 {[%clk
00:11:26]} {[%emt 00:02:08]} 31. Rb7 {[%clk 00:21:23]} {[%emt 00:00:53]} Rxe5+
{[%clk 00:11:39]} {[%emt 00:00:17]} 32. Kf3 {[%clk 00:20:44]} {[%emt 00:01:08]}
Ne1+ {[%clk 00:10:07]} {[%emt 00:02:02]} 33. Kg3 {[%clk 00:20:35]} {[%emt
00:00:39]} h5 {[%clk 00:09:07]} {[%emt 00:01:30]} 34. Bh1 {[%clk 00:19:50]}
{[%emt 00:01:14]} Rd3+ {[%clk 00:08:41]} {[%emt 00:00:58]} 35. Rxd3 {[%clk
00:20:09]} {[%emt 00:00:12]} cxd3 {[%clk 00:06:32]} {[%emt 00:02:39]} 36. Rd7
{[%clk 00:19:08]} {[%emt 00:01:30]} Re2 {[%clk 00:05:45]} {[%emt 00:01:17]} 37.
Rxa7 {[%clk 00:17:26]} {[%emt 00:02:12]} hxg4 {[%clk 00:03:29]} {[%emt
00:02:46]} 38. hxg4 {[%clk 00:17:30]} {[%emt 00:00:25]} d2 {[%clk 00:03:24]}
{[%emt 00:00:35]} 39. Rd7 {[%clk 00:17:30]} {[%emt 00:00:30]} Re3+ {[%clk
00:03:26]} {[%emt 00:00:29]} 40. Kf2 {[%clk 00:17:20]} {[%emt 00:00:39]} Nd3+
{[%emt 00:01:52]} 0-1

[Event "DEM U16 2024"]
[Site "Willingen GER"]
[Date "2024.05.25"]
[Round "9"]
[White "Karle, Sam"]
[Black "Windmüller, Simon"]
[Result "1-0"]
[Termination "normal"]
[Board "11"]
[WhiteElo "2070"]
[BlackElo "2041"]
[WhiteClock "00:24:25"]
[BlackClock "00:31:06"]
[PlyCount "67"]
[WhiteFideId "16290089"]
[BlackFideId "16274032"]
[EventCountry "GER"]
[EventRounds "9"]
[EventType "swiss"]
[EventDate "2024.05.18"]

1. e4 {[%clk 01:30:56]} {[%emt 00:00:01]} c6 {[%clk 01:29:43]} {[%emt
00:01:18]} 2. Nf3 {[%clk 01:31:19]} {[%emt 00:00:08]} d5 {[%clk 01:30:00]}
{[%emt 00:00:13]} 3. d3 {[%clk 01:31:42]} {[%emt 00:00:07]} g6 {[%clk
01:30:23]} {[%emt 00:00:07]} 4. e5 {[%clk 01:30:59]} {[%emt 00:01:13]} Bg4
{[%clk 01:30:44]} {[%emt 00:00:09]} 5. h3 {[%clk 01:28:57]} {[%emt 00:02:33]}
Bxf3 {[%clk 01:31:05]} {[%emt 00:00:09]} 6. Qxf3 {[%clk 01:29:25]} {[%emt
00:00:02]} e6 {[%clk 01:31:12]} {[%emt 00:00:23]} 7. d4 {[%clk 01:28:02]}
{[%emt 00:01:53]} Qb6 {[%clk 01:28:28]} {[%emt 00:03:12]} 8. Qd3 {[%clk
01:22:04]} {[%emt 00:06:30]} Ne7 {[%clk 01:22:17]} {[%emt 00:06:41]} 9. Nd2
{[%clk 01:19:26]} {[%emt 00:03:09]} Nd7 {[%clk 01:20:41]} {[%emt 00:02:05]} 10.
c3 {[%clk 01:14:35]} {[%emt 00:05:21]} c5 {[%clk 01:17:18]} {[%emt 00:03:53]}
11. Nf3 {[%clk 01:13:33]} {[%emt 00:01:31]} cxd4 {[%clk 01:12:32]} {[%emt
00:05:16]} 12. cxd4 {[%clk 01:11:51]} {[%emt 00:02:12]} Nc6 {[%clk 01:12:41]}
{[%emt 00:00:21]} 13. a3 {[%clk 01:08:52]} {[%emt 00:03:30]} Rc8 {[%clk
01:12:06]} {[%emt 00:01:05]} 14. Be2 {[%clk 01:07:23]} {[%emt 00:01:58]} Bg7
{[%clk 01:07:27]} {[%emt 00:05:08]} 15. O-O {[%clk 01:05:51]} {[%emt 00:02:02]}
O-O {[%clk 01:07:41]} {[%emt 00:00:16]} 16. Bg5 {[%clk 01:01:55]} {[%emt
00:04:26]} h6 {[%clk 01:06:15]} {[%emt 00:01:56]} 17. Be3 {[%clk 01:01:14]}
{[%emt 00:01:11]} Rc7 {[%clk 01:04:54]} {[%emt 00:01:51]} 18. Rfc1 {[%clk
00:58:32]} {[%emt 00:03:12]} Rfc8 {[%clk 01:04:54]} {[%emt 00:00:30]} 19. h4
{[%clk 00:54:42]} {[%emt 00:04:20]} h5 {[%clk 00:59:32]} {[%emt 00:05:51]} 20.
Rc3 {[%clk 00:45:46]} {[%emt 00:09:27]} a6 {[%clk 00:57:11]} {[%emt 00:02:51]}
21. Rb3 {[%clk 00:40:15]} {[%emt 00:06:00]} Qa7 {[%clk 00:57:03]} {[%emt
00:00:38]} 22. Ng5 {[%clk 00:39:24]} {[%emt 00:01:22]} Na5 {[%clk 00:51:04]}
{[%emt 00:06:29]} 23. Rc3 {[%clk 00:38:46]} {[%emt 00:01:08]} Rxc3 {[%clk
00:51:28]} {[%emt 00:00:06]} 24. bxc3 {[%clk 00:39:11]} {[%emt 00:00:05]} Nc4
{[%clk 00:51:39]} {[%emt 00:00:18]} 25. g4 {[%clk 00:36:30]} {[%emt 00:03:11]}
hxg4 {[%clk 00:49:44]} {[%emt 00:02:26]} 26. h5 {[%clk 00:34:44]} {[%emt
00:02:16]} Nf8 {[%clk 00:37:57]} {[%emt 00:12:18]} 27. Bxg4 {[%clk 00:33:52]}
{[%emt 00:01:21]} Nxe3 {[%clk 00:33:19]} {[%emt 00:05:09]} 28. fxe3 {[%clk
00:32:08]} {[%emt 00:02:13]} Bh6 {[%clk 00:33:37]} {[%emt 00:00:12]} 29. Nh3
{[%clk 00:28:55]} {[%emt 00:03:43]} b5 {[%clk 00:33:30]} {[%emt 00:00:38]} 30.
hxg6 {[%clk 00:28:55]} {[%emt 00:00:29]} fxg6 {[%clk 00:33:43]} {[%emt
00:00:17]} 31. Rf1 {[%clk 00:28:30]} {[%emt 00:00:56]} Rc7 {[%clk 00:32:16]}
{[%emt 00:01:58]} 32. Rf6 {[%clk 00:27:05]} {[%emt 00:01:54]} Rf7 {[%clk
00:30:53]} {[%emt 00:01:53]} 33. Bxe6 {[%clk 00:24:19]} {[%emt 00:03:15]} Nxe6
{[%clk 00:31:06]} {[%emt 00:00:17]} 34. Rxe6 {[%clk 00:24:25]} {[%emt
00:00:25]} 1-0

[Event "DEM U16 2024"]
[Site "Willingen GER"]
[Date "2024.05.25"]
[Round "9"]
[White "Mester, Philipp"]
[Black "Asmussen, Johann"]
[Result "1-0"]
[Termination "normal"]
[Board "12"]
[WhiteElo "1975"]
[BlackElo "1568"]
[WhiteClock "01:07:08"]
[BlackClock "00:56:54"]
[PlyCount "57"]
[WhiteFideId "34624902"]
[BlackFideId "16273486"]
[EventCountry "GER"]
[EventRounds "9"]
[EventType "swiss"]
[EventDate "2024.05.18"]

1. f4 {[%clk 01:30:56]} {[%emt 00:00:04]} d5 {[%clk 01:30:26]} {[%emt
00:00:34]} 2. Nf3 {[%clk 01:31:21]} {[%emt 00:00:05]} Nf6 {[%clk 01:30:08]}
{[%emt 00:00:48]} 3. g3 {[%clk 01:31:37]} {[%emt 00:00:14]} Bg4 {[%clk
01:29:45]} {[%emt 00:00:53]} 4. Bg2 {[%clk 01:32:01]} {[%emt 00:00:07]} Nbd7
{[%clk 01:29:53]} {[%emt 00:00:22]} 5. d3 {[%clk 01:31:27]} {[%emt 00:01:04]}
e6 {[%clk 01:29:04]} {[%emt 00:01:18]} 6. O-O {[%clk 01:28:56]} {[%emt
00:03:01]} Bc5+ {[%clk 01:28:43]} {[%emt 00:00:50]} 7. e3 {[%clk 01:28:46]}
{[%emt 00:00:41]} c6 {[%clk 01:27:57]} {[%emt 00:01:16]} 8. Qe1 {[%clk
01:28:30]} {[%emt 00:00:46]} O-O {[%clk 01:25:37]} {[%emt 00:02:50]} 9. b4
{[%clk 01:27:30]} {[%emt 00:01:31]} Bd6 {[%clk 01:25:28]} {[%emt 00:00:37]} 10.
Bb2 {[%clk 01:27:50]} {[%emt 00:00:11]} Qb6 {[%clk 01:25:25]} {[%emt 00:00:33]}
11. Bc3 {[%clk 01:26:53]} {[%emt 00:01:27]} Rfe8 {[%clk 01:22:50]} {[%emt
00:03:04]} 12. Ne5 {[%clk 01:26:07]} {[%emt 00:01:17]} h6 {[%clk 01:19:32]}
{[%emt 00:03:48]} 13. Kh1 {[%clk 01:23:02]} {[%emt 00:03:35]} Bf5 {[%clk
01:18:44]} {[%emt 00:01:18]} 14. e4 {[%clk 01:22:52]} {[%emt 00:00:39]} Bh7
{[%clk 01:16:37]} {[%emt 00:02:37]} 15. Nd2 {[%clk 01:16:57]} {[%emt 00:06:25]}
Bxb4 {[%clk 01:16:04]} {[%emt 00:01:03]} 16. Rb1 {[%clk 01:16:58]} {[%emt
00:00:29]} Qc5 {[%clk 01:07:49]} {[%emt 00:08:45]} 17. Bxb4 {[%clk 01:16:01]}
{[%emt 00:01:29]} Qxc2 {[%clk 01:06:56]} {[%emt 00:01:22]} 18. Bd6 {[%clk
01:13:42]} {[%emt 00:02:49]} Nxe5 {[%clk 01:06:55]} {[%emt 00:00:31]} 19. fxe5
{[%clk 01:13:53]} {[%emt 00:00:18]} Rad8 {[%clk 01:02:03]} {[%emt 00:05:22]}
20. Rxb7 {[%clk 01:13:36]} {[%emt 00:00:48]} Qxa2 {[%clk 01:01:56]} {[%emt
00:00:37]} 21. exf6 {[%clk 01:13:21]} {[%emt 00:00:44]} Rxd6 {[%clk 01:02:00]}
{[%emt 00:00:26]} 22. fxg7 {[%clk 01:13:39]} {[%emt 00:00:12]} Bg6 {[%clk
01:02:00]} {[%emt 00:00:30]} 23. Qe3 {[%clk 01:12:45]} {[%emt 00:01:23]} Kxg7
{[%clk 00:59:02]} {[%emt 00:03:27]} 24. Qf4 {[%clk 01:12:00]} {[%emt 00:01:15]}
Rdd8 {[%clk 00:58:28]} {[%emt 00:01:04]} 25. Qf6+ {[%clk 01:08:35]} {[%emt
00:03:55]} Kg8 {[%clk 00:58:22]} {[%emt 00:00:37]} 26. Nf3 {[%clk 01:07:10]}
{[%emt 00:01:56]} dxe4 {[%clk 00:57:48]} {[%emt 00:01:03]} 27. Ne5 {[%clk
01:07:21]} {[%emt 00:00:19]} exd3 {[%clk 00:57:41]} {[%emt 00:00:37]} 28. Nxf7
{[%clk 01:07:08]} {[%emt 00:00:43]} Bf5 {[%clk 00:56:54]} {[%emt 00:01:17]} 29.
Nxh6# {[%emt 00:00:18]} 1-0

[Event "DEM U16 2024"]
[Site "Willingen GER"]
[Date "2024.05.25"]
[Round "9"]
[White "Torosyan, Bagrat"]
[Black "Oldenburg, Max Leonard"]
[Result "1-0"]
[Termination "normal"]
[Board "13"]
[WhiteElo "2115"]
[BlackElo "1753"]
[WhiteClock "00:31:00"]
[BlackClock "00:11:58"]
[PlyCount "99"]
[WhiteFideId "16258134"]
[BlackFideId "34660348"]
[EventCountry "GER"]
[EventRounds "9"]
[EventType "swiss"]
[EventDate "2024.05.18"]

1. e4 {[%clk 01:30:57]} {[%emt 00:00:02]} c6 {[%clk 01:30:57]} {[%emt
00:00:04]} 2. d4 {[%clk 01:31:22]} {[%emt 00:00:04]} d5 {[%clk 01:31:24]}
{[%emt 00:00:03]} 3. e5 {[%clk 01:31:49]} {[%emt 00:00:04]} c5 {[%clk
01:31:46]} {[%emt 00:00:08]} 4. dxc5 {[%emt 00:00:16]} e6 {[%emt 00:00:17]} 5.
a3 {[%clk 01:32:20]} {[%emt 00:00:10]} Bxc5 {[%clk 01:31:56]} {[%emt 00:00:36]}
6. Qg4 {[%clk 01:32:42]} {[%emt 00:00:06]} Bf8 {[%clk 01:30:25]} {[%emt
00:02:02]} 7. Bd3 {[%clk 01:31:21]} {[%emt 00:01:52]} Nc6 {[%clk 01:29:31]}
{[%emt 00:01:24]} 8. Nf3 {[%clk 01:30:17]} {[%emt 00:01:32]} Nge7 {[%clk
01:28:40]} {[%emt 00:01:22]} 9. b4 {[%clk 01:26:46]} {[%emt 00:04:02]} a6
{[%clk 01:26:51]} {[%emt 00:02:19]} 10. Bb2 {[%clk 01:25:25]} {[%emt 00:01:50]}
Qc7 {[%clk 01:22:40]} {[%emt 00:04:40]} 11. Nbd2 {[%clk 01:24:38]} {[%emt
00:01:18]} Ng6 {[%clk 01:22:01]} {[%emt 00:01:08]} 12. Qg3 {[%clk 01:24:43]}
{[%emt 00:00:26]} Be7 {[%clk 01:19:44]} {[%emt 00:02:46]} 13. h4 {[%clk
01:23:49]} {[%emt 00:01:25]} O-O {[%clk 01:03:56]} {[%emt 00:16:18]} 14. h5
{[%clk 01:23:53]} {[%emt 00:00:26]} Nh8 {[%clk 01:04:23]} {[%emt 00:00:04]} 15.
Ng5 {[%clk 01:17:48]} {[%emt 00:06:34]} Bxg5 {[%clk 01:02:30]} {[%emt
00:02:23]} 16. Qxg5 {[%clk 01:18:14]} {[%emt 00:00:03]} h6 {[%clk 01:02:32]}
{[%emt 00:00:28]} 17. Qg3 {[%clk 01:18:38]} {[%emt 00:00:07]} f5 {[%clk
01:01:12]} {[%emt 00:01:50]} 18. f4 {[%clk 01:15:04]} {[%emt 00:04:04]} Ne7
{[%clk 00:56:43]} {[%emt 00:04:59]} 19. Qf2 {[%clk 01:12:11]} {[%emt 00:03:23]}
Nf7 {[%clk 00:54:40]} {[%emt 00:02:33]} 20. Rg1 {[%clk 01:07:43]} {[%emt
00:04:58]} Nd8 {[%clk 00:52:39]} {[%emt 00:02:32]} 21. Nf3 {[%clk 01:03:51]}
{[%emt 00:04:20]} Bd7 {[%clk 00:48:15]} {[%emt 00:04:55]} 22. Bd4 {[%clk
00:59:44]} {[%emt 00:04:36]} Be8 {[%clk 00:45:52]} {[%emt 00:02:52]} 23. Qh4
{[%clk 00:57:22]} {[%emt 00:02:53]} Ndc6 {[%clk 00:43:53]} {[%emt 00:02:31]}
24. Bc5 {[%clk 00:56:01]} {[%emt 00:01:50]} b6 {[%clk 00:42:52]} {[%emt
00:01:32]} 25. Bd6 {[%clk 00:55:56]} {[%emt 00:00:34]} Qd7 {[%clk 00:42:35]}
{[%emt 00:00:47]} 26. b5 {[%clk 00:47:20]} {[%emt 00:09:07]} axb5 {[%clk
00:41:53]} {[%emt 00:01:12]} 27. Bxb5 {[%clk 00:47:39]} {[%emt 00:00:11]} Rf7
{[%clk 00:41:21]} {[%emt 00:01:00]} 28. Bxe7 {[%clk 00:41:12]} {[%emt
00:06:59]} Qxe7 {[%clk 00:41:11]} {[%emt 00:00:39]} 29. Bxc6 {[%clk 00:41:30]}
{[%emt 00:00:12]} Bxc6 {[%clk 00:40:38]} {[%emt 00:01:03]} 30. Qxe7 {[%clk
00:41:53]} {[%emt 00:00:06]} Rxe7 {[%clk 00:41:05]} {[%emt 00:00:04]} 31. Nd4
{[%clk 00:42:12]} {[%emt 00:00:11]} Bd7 {[%clk 00:41:07]} {[%emt 00:00:28]} 32.
Kd2 {[%clk 00:41:56]} {[%emt 00:00:46]} b5 {[%clk 00:39:58]} {[%emt 00:01:39]}
33. Rgb1 {[%clk 00:41:35]} {[%emt 00:00:50]} Ra5 {[%clk 00:36:13]} {[%emt
00:04:15]} 34. Rb3 {[%clk 00:40:04]} {[%emt 00:02:02]} Kf7 {[%clk 00:35:48]}
{[%emt 00:00:56]} 35. Rh1 {[%clk 00:33:20]} {[%emt 00:07:13]} Be8 {[%clk
00:34:23]} {[%emt 00:01:55]} 36. Rhh3 {[%clk 00:33:20]} {[%emt 00:00:30]} Rea7
{[%clk 00:34:36]} {[%emt 00:00:16]} 37. Rhc3 {[%clk 00:31:49]} {[%emt
00:02:02]} Ra4 {[%clk 00:33:10]} {[%emt 00:01:56]} 38. Ke3 {[%clk 00:31:06]}
{[%emt 00:01:12]} R4a6 {[%clk 00:29:59]} {[%emt 00:03:41]} 39. Nxb5 {[%clk
00:28:47]} {[%emt 00:02:50]} Bxb5 {[%clk 00:30:15]} {[%emt 00:00:14]} 40. Rxb5
{[%clk 00:29:16]} {[%emt 00:00:02]} Rxa3 {[%clk 00:30:21]} {[%emt 00:00:23]}
41. Rxa3 {[%clk 00:29:39]} {[%emt 00:00:07]} Rxa3+ {[%clk 00:30:44]} {[%emt
00:00:07]} 42. Kd4 {[%clk 00:29:54]} {[%emt 00:00:15]} Ra7 {[%clk 00:23:23]}
{[%emt 00:07:52]} 43. Kc5 {[%clk 00:29:41]} {[%emt 00:00:42]} Rd7 {[%clk
00:13:01]} {[%emt 00:10:51]} 44. Kc6 {[%clk 00:29:59]} {[%emt 00:00:13]} Rd8
{[%clk 00:13:11]} {[%emt 00:00:20]} 45. Rb7+ {[%clk 00:30:05]} {[%emt
00:00:24]} Kf8 {[%clk 00:12:48]} {[%emt 00:00:53]} 46. Rd7 {[%clk 00:29:52]}
{[%emt 00:00:42]} Rc8+ {[%clk 00:11:31]} {[%emt 00:01:49]} 47. Kd6 {[%clk
00:30:08]} {[%emt 00:00:12]} Rxc2 {[%clk 00:11:32]} {[%emt 00:00:30]} 48. Kxe6
{[%clk 00:30:29]} {[%emt 00:00:08]} Rc6+ {[%clk 00:11:56]} {[%emt 00:00:07]}
49. Rd6 {[%clk 00:30:32]} {[%emt 00:00:27]} Rxd6+ {[%clk 00:11:58]} {[%emt
00:00:28]} 50. exd6 {[%clk 00:31:00]} {[%emt 00:00:02]} 1-0